000 02452cam a22005054i 4500
003 PE-LiUPU
005 20250731165443.0
008 160927s r 000 0 spa d
020 _a9788494289521
035 _a(Sirsi) a163804
049 _aPRUA
082 0 4 _a005.3
_bE92
100 1 _aEstepa Rubio, Antonio,
_eautor.
245 _aSketchup + V-RAY :
_bTécnicas gráficas de producción en infoarquitectura /
_cAntonio Estepa Rubio, Jesús Estepa Rubio, José Alberto Orero Vigaray.
246 3 _aSketchup más V-RAY
250 _a1ra edición.
264 _aVillanueva de Gállego, Zaragoza :
_bEdiciones Universidad San Jorge,
_c2014.
300 _a139 páginas :
_bilustraciones ;
_c22 centímetros.
336 _text
_2rdacontent
337 _unmediated
_2rdamedia
338 _volume
_2rdacarrier
505 0 _aSketchup pro 2014 -- Descripción general -- Plantilla y unidades -- Configuración del espacio de trabajo -- Formatos de archivo -- Dibujos planos -- Herramientas de visualización 3D -- Percepción espacial. uso del ratón -- Dibujo en 3D --Trabajo con capas Edición de sólidos -- Herramientas auxiliares Menú contextual de objetos -- Aplicar mapas y texturas. Herrmienta pintar -- Escenas -- Cámara -- Información de la entidad modelo -- Modelar a partir de una fotografía -- Introducir secciones. exportación de dibujos planos -- Herramienta caja de arena -- Herrmaienta sombras -- Herramientas google -- Sketchup plugins -- V-RAY 2.0 FOR Sketchup -- Descripcion general -- Configurador de opciones de cálculo -- Editor de materiales -- Luces V-Ray.
526 _aSEG44
526 _aSEG26
526 _aP151
526 _aP150
526 _aP149
526 _aP146
526 _aP145
526 _aP126
526 _aP125
526 _aP92
526 _aP75
526 _aP74
526 _aP27
526 _aP15
541 _g0020-0001185;
650 0 4 _aV-Ray (Archivo de ordenador).
650 0 4 _aDiseño asistido por ordenador.
700 1 _aOrero Vigaray, José Alberto,
_eautor.
700 1 _aEstepa Rubio, Jesús,
_eautor.
596 _a1
942 _2ddc
_cBOOK
999 _a005.3 E92
_wDEWEY
_c12666
_i74830
_d12666
_e2019-11-12
_f2021-11-9
_g8
_lCCODEBUL1
_mBUL
_n5
_p28.96
_q1
_r0
_sY
_tBOOK
_u2016-9-27
_xINGENIERIA
_PP06
_0COMPRA
_o.STAFF. Colección Ingeniería y Arquitectura
980 _81
_gALBERTO SANCHEZ Responsable de Automatización